DESIGN THINKING (Record no. 1222376)

MARC details
000 -LEADER
fixed length control field 00383nam a2200157Ia 4500
008 - FIXED-LENGTH DATA ELEMENTS--GENERAL INFORMATION
fixed length control field 260601s2026 xx 000 0 und d
020 ## - INTERNATIONAL STANDARD BOOK NUMBER
International Standard Book Number 978-93-5746-864-0
041 ## - LANGUAGE CODE
Language code of text/sound track or separate title eng
082 ## - DEWEY DECIMAL CLASSIFICATION NUMBER
Classification number 658.4063/TIW
100 ## - MAIN ENTRY--PERSONAL NAME
Personal name TIWARI S.R
245 ## - TITLE STATEMENT
Title DESIGN THINKING
260 ## - PUBLICATION, DISTRIBUTION, ETC.
Place of publication, distribution, etc. NEW DELHI
Name of publisher, distributor, etc. WILEY INDIA PVT LTD
Date of publication, distribution, etc. 2026
300 ## - PHYSICAL DESCRIPTION
Extent P.B,XXIV,316
650 ## - SUBJECT ADDED ENTRY--TOPICAL TERM
Topical term or geographic name entry element MCA
700 ## - ADDED ENTRY--PERSONAL NAME
Personal name SWARUP R.R
Holdings
Withdrawn status Lost status Damaged status Not for loan Home library Current library Date acquired Source of acquisition Cost, normal purchase price Total Checkouts Full call number Barcode Date last seen Price effective from Koha item type
        Institute of Management, Kolhapur Institute of Management, Kolhapur 23/12/2025 BHARATI MADYHAVARTI SAHAKARI GRAHAK BHANDAR LTD.PUNE 745.00   658.4063/TIW MCK-M6100 02/06/2026 02/06/2026 Reference Books
        Institute of Management, Kolhapur Institute of Management, Kolhapur 23/12/2025 BHARATI MADYHAVARTI SAHAKARI GRAHAK BHANDAR LTD.PUNE 745.00   658.4063/TIW MCK-M6101 02/06/2026 02/06/2026 Book
        Institute of Management, Kolhapur Institute of Management, Kolhapur 23/12/2025 BHARATI MADYHAVARTI SAHAKARI GRAHAK BHANDAR LTD.PUNE 745.00   658.4063/TIW MCK-M6102 02/06/2026 02/06/2026 Book
        Institute of Management, Kolhapur Institute of Management, Kolhapur 23/12/2025 BHARATI MADYHAVARTI SAHAKARI GRAHAK BHANDAR LTD.PUNE 745.00   658.4063/TIW MCK-M6103 02/06/2026 02/06/2026 Book